Maquinas Electricas / Stephen J. Chapman (Registro nro. 20178)
[ vista simple ]
| 000 -LEADER | |
|---|---|
| fixed length control field | 00609nam a2200229Ia 4500 |
| 001 - CONTROL NUMBER | |
| control field | 20847 |
| 003 - CONTROL NUMBER IDENTIFIER | |
| control field | DO-CoUTE |
| 005 - DATE AND TIME OF LATEST TRANSACTION | |
| control field | 20260204212534.0 |
| 008 - FIXED-LENGTH DATA ELEMENTS--GENERAL INFORMATION | |
| fixed length control field | 220104s9999 dr 000 0 spa d |
| 020 ## - INTERNATIONAL STANDARD BOOK NUMBER | |
| International Standard Book Number | 007-010662-2 |
| 040 ## - CATALOGING SOURCE | |
| Original cataloging agency | DO-CoUTE |
| Language of cataloging | spa |
| Transcribing agency | DO-CoUTE |
| 041 0# - LANGUAGE CODE | |
| Language code of text/sound track or separate title | spa |
| 082 ## - DEWEY DECIMAL CLASSIFICATION NUMBER | |
| Classification number | 621.31042 C333m |
| 100 1# - MAIN ENTRY--PERSONAL NAME | |
| Personal name | Chapman, Stephen J. |
| 245 10 - TITLE STATEMENT | |
| Title | Maquinas Electricas / Stephen J. Chapman |
| 260 ## - PUBLICATION, DISTRIBUTION, ETC. | |
| Place of publication, distribution, etc. | Bogotá, Colombia : McGraw-HILL |
| 300 ## - PHYSICAL DESCRIPTION | |
| Extent | 655 páginas |
| 650 #4 - SUBJECT ADDED ENTRY--TOPICAL TERM | |
| Topical term or geographic name entry element | Maquinas Electricas |
| 942 ## - ADDED ENTRY ELEMENTS (KOHA) | |
| Source of classification or shelving scheme | Dewey Decimal Classification |
| Koha item type | Libros |
No hay ítems disponibles.
